Diseño de un mecanismo de vinculación para la promoción de bienes y servicios nacionales, que satisfagan las necesidades de las empresas acogidas al régimen de zona franca de exportación

Uloženo v:
Podrobná bibliografie
Hlavní autor: Dehais Castro, Andres
Další autoři: Soto Corrales, Gioconda
Médium: Kniha
Vydáno: [San José , Costa Rica] 1996
Témata:
Tagy: Přidat tag
Žádné tagy, Buďte první, kdo vytvoří štítek k tomuto záznamu!

MARC

LEADER 00000nam a2200000Ia 4500
003 007888
005 20221231144248.0
008 140114s1996 cr a m |000 ||s d
040 |c cru CEDI 
090 |a TFG 3430 
100 |a Dehais Castro, Andres  |9 10434 
245 |a Diseño de un mecanismo de vinculación para la promoción de bienes y servicios nacionales, que satisfagan las necesidades de las empresas acogidas al régimen de zona franca de exportación 
260 |c 1996  |a [San José , Costa Rica] 
300 |a  [295] hojas : ilustraciones  
500 |a  Proyecto de graduación (licenciatura en ingeniería industrial)--Universidad de Costa Rica. Facultad de Ingeniería. Escuela de Ingeniería Industrial 
650 |x PROMOCION INDUSTRIAL - COSTA RICA   |x ZONAS INDUSTRIALES - COSTA RICA  |9 10436 
700 |9 10435  |a Soto Corrales, Gioconda 
942 |c TFG 
999 |c 19254  |d 19254